000 00525nam a2200217Ia 4500
003 OSt
005 20241104165832.0
008 210210b1989 xxu||||| |||| 00| 0 eng d
020 _a0 553 17325 1
040 _cAL
041 _aeng
082 _a523.1 HAWB
100 _aHAWKING (Stephen W).
_9184138
245 _aBrief history of time
260 _aLondon
_bBantam books
_c1989
300 _a211
650 _aTime big bang black holes
_9184139
690 _aAstronomy
_9184140
906 _a042331
942 _2ddc
_cBK
999 _c91975
_d91975